Kinh tế các nước Asean và khả năng hòa nhập
Nội dung gồm hai phân giứo thiệu những thành tựu phát triển kinh tế ủa các nước Asean trong hai thập kỷ qua và số liệu thống kế
Na minha lista:
| Autor principal: | |
|---|---|
| Formato: | Livro |
| Idioma: | Undetermined |
| Publicado em: |
Hà Nội
Thống kê
1992
|
| Assuntos: | |
| Tags: |
Adicionar Tag
Sem tags, seja o primeiro a adicionar uma tag!
|
| Thư viện lưu trữ: | Trung tâm Học liệu Trường Đại học Cần Thơ |
|---|
| LEADER | 00826nam a2200205Ia 4500 | ||
|---|---|---|---|
| 001 | CTU_206146 | ||
| 008 | 210402s9999 xx 000 0 und d | ||
| 082 | |a 330.959 | ||
| 082 | |b T406 | ||
| 100 | |a Lê, Văn Toàn | ||
| 245 | 0 | |a Kinh tế các nước Asean và khả năng hòa nhập | |
| 245 | 0 | |c Lê Văn Toàn, Trần Hoàng Kim | |
| 260 | |a Hà Nội | ||
| 260 | |b Thống kê | ||
| 260 | |c 1992 | ||
| 520 | |a Nội dung gồm hai phân giứo thiệu những thành tựu phát triển kinh tế ủa các nước Asean trong hai thập kỷ qua và số liệu thống kế | ||
| 650 | |a Đông Nam Á,Asean | ||
| 650 | |x Khía cạnh kinh tế,Economics aspects | ||
| 904 | |i Tuyến | ||
| 980 | |a Trung tâm Học liệu Trường Đại học Cần Thơ | ||